000 00575nam a2200193 i 4500
001 34979
003 ES-MaACL
005 20250612063102.0
007 t|
008 030211s1954 sp ||||1| spa d
100 1 _aBorrás, Tomás,
_d1891-1976
_930556
245 1 0 _aAlgo de la espina y algo de la flor
_b: cuentos /
_cTomás Borrás.
260 _aMadrid :
_b[s.n.,
_c1954] (
_fImp. Sèz)
300 _a240 p. ;
_c17 cm.
490 1 _aEl grifón ;
_v13
830 0 _aEl grifón ;
_v13
_9181273
852 _aES-MaACL
_jC-8470
_bR.36175
999 _c34979
_d34979